A general service list of english words with semantic frequencies and supplemmentary word-list for writing of popular science and technology
Shranjeno v:
| Glavni avtor: | |
|---|---|
| Format: | Knjiga |
| Jezik: | angleščina |
| Izdano: |
Londres
Longmans, Green and Co
1953
|
| Teme: | |
| Oznake: |
Označite
Brez oznak, prvi označite!
|
MARC
| LEADER | 00000nam a2200000 a 4500 | ||
|---|---|---|---|
| 001 | UCR7555 | ||
| 003 | CL-VaPUC | ||
| 008 | 980519e19530000UK |||||||||||||||||eng|d | ||
| 082 | 0 | 4 | |a 603 |b WES |2 21 |
| 100 | 0 | |a West, Michael |e author |9 408850 | |
| 245 | 1 | 2 | |a A general service list of english words with semantic frequencies and supplemmentary word-list for writing of popular science and technology |
| 300 | |a 588 p | ||
| 942 | |c BK | ||
| 945 | |d 19980519 00:00:00 |a crobeson | ||
| 260 | |a Londres |b Longmans, Green and Co |c 1953 | ||
| 650 | 7 | |a DICCIONARIOS INGLES |2 CL-VaPUC |9 261669 | |
| 650 | 0 | |a Ciencia y tecnología |9 260585 | |
| 583 | |a last modification |c 19980519 00:00:00 |k Rodrigo Vera | ||
| 999 | |c 269147 |d 269145 | ||
| 952 | |0 0 |1 0 |4 0 |6 603_000000000000000_WES_1953 |7 0 |8 X |9 302811 |a BIBEDU |b BIBEDU |d 2019-11-20 |i 1995014 |o 603 WES 1953 |p 1995014 |r 2023-01-13 |w 2019-11-20 |y BK_X |k LIT | ||
| 952 | |0 0 |1 0 |4 0 |6 603_000000000000000_WES_1953 |7 0 |8 X |9 302812 |a BIBEDU |b BIBEDU |d 2019-11-20 |i 199512K |o 603 WES 1953 |p 199512K |r 2023-01-13 |w 2019-11-20 |y BK_X |k LIT | ||
| 952 | |0 0 |1 0 |4 0 |6 603_000000000000000_WES_1953 |7 0 |8 X |9 302813 |a BIBEDU |b BIBEDU |d 2019-11-20 |i 1995170 |o 603 WES 1953 |p 1995170 |r 2023-01-13 |w 2019-11-20 |y BK_X |k LIT | ||